| 000 | 01571cam a2200349 4500 | ||
|---|---|---|---|
| 008 | 000000n2002 000 0 eng u | ||
| 020 | _a1854190512 | ||
| 035 | _a(Sirsi) u118151 | ||
| 041 | _aeng | ||
| 050 |
_a347.4109 _c18 |
||
| 110 |
_aRoyal Institution of Chartered Surveyors Scotland _93082 |
||
| 245 |
_aSurveyors acting as arbiter or independent expert in construction related disputes in Scotland _bguidance notes |
||
| 260 |
_aEdinburgh _bRICS Scotland _c2002 |
||
| 300 |
_a43p. _c30cm. |
||
| 350 | _a14 | ||
| 490 | _aRICS Scotland Guidance Note | ||
| 520 | _aOUT OF DATE, ARCHIVED 13/04/2015. | ||
| 520 | _aThese Guidance Notes have been prepared to provide assistance to members on the duties and procedures to be considered while acting as arbiter or independent expert. | ||
| 520 | _aPlease note that there is separate guidance for England and Wales (ISBN 1842190237). | ||
| 650 | _aARBITER | ||
| 650 | _aARBITRATORS | ||
| 650 | _aMANAGEMENT-DISPUTE AVOIDANCE, MANAGEMENT AND RESOLUTION-DISPUTE MANAGEMENT AND RESOLUTION-ARBITRATION | ||
| 650 | _aCONSTRUCTION DISPUTES | ||
| 650 | _aEXPERT WITNESSES | ||
| 650 | _aINDEPENDENT EXPERT | ||
| 650 | _aSCOTLAND | ||
| 650 | _aSURVEYORS | ||
| 690 |
_aDISPUTE RESOLUTION _96236 |
||
| 710 |
_aRoyal Institution of Chartered Surveyors _bScotland Dispute Resolution Faculty _94248 |
||
| 856 | 4 | 0 |
_uhttps://www.rics.org/Global/Downloads/Surveyors_acting_as_arbiter_independent_experts_construction_disputes_Scotland_1st_edition_PGguidance_2002.pdf _zView this item at www.rics.org |
| 942 | _n0 | ||
| 999 |
_c102105 _d102105 |
||